Los Angeles Clippers: Leading Scorer Every Year - Statistics

General Stats
  • This quiz has been taken 906 times
    31 since last reset
  • The average score is 26 of 56
Answer Stats
Year Player Average % Correct
2019-2020 Kawhi Leonard 27.5
100%
2020-2021 Kawhi Leonard 24.8
100%
2022-2023 Kawhi Leonard 23.8
100%
2023-2024 Kawhi Leonard 23.7
100%
2025-2026 Kawhi Leonard 27.9
100%
2010-2011 Blake Griffin 22.5
97%
2011-2012 Blake Griffin 20.7
97%
2012-2013 Blake Griffin 18.0
97%
2013-2014 Blake Griffin 24.1
97%
2014-2015 Blake Griffin 21.9
97%
2015-2016 Blake Griffin 21.4
97%
2016-2017 Blake Griffin 21.6
97%
2017-2018 Blake Griffin 22.6
97%
2021-2022 Paul George 24.3
93%
2024-2025 James Harden 22.8
86%
1973-1974 Bob McAdoo 30.6
76%
1974-1975 Bob McAdoo 34.5
76%
1975-1976 Bob McAdoo 31.1
76%
1976-1977 Bob McAdoo 23.7
76%
2001-2002 Elton Brand 18.2
55%
2002-2003 Elton Brand 18.5
55%
2005-2006 Elton Brand 24.7
55%
2006-2007 Elton Brand 20.5
55%
1980-1981 Freeman Williams 19.3
55%
1990-1991 Charles Smith 20.0
45%
1984-1985 Derek Smith 22.1
45%
1985-1986 Derek Smith 23.5
45%
1972-1973 Elmore Smith 18.3
45%
1977-1978 Randy Smith 24.6
45%
2009-2010 Chris Kaman 18.5
28%
1991-1992 Danny Manning 19.3
24%
1992-1993 Danny Manning 22.8
24%
2018-2019 Tobias Harris 20.9
24%
1978-1979 World B. Free 28.8
24%
1979-1980 World B. Free 30.2
24%
2003-2004 Corey Maggette 20.7
21%
2004-2005 Corey Maggette 22.2
21%
2007-2008 Corey Maggette 22.1
21%
1993-1994 Dominique Wilkins 29.1
17%
2000-2001 Lamar Odom 17.2
10%
1982-1983 Terry Cummings 23.7
10%
1983-1984 Terry Cummings 22.9
10%
1994-1995 Loy Vaught 17.5
7%
1995-1996 Loy Vaught 16.2
7%
1996-1997 Loy Vaught 14.9
7%
1989-1990 Ron Harper 23.0
7%
1970-1971 Bob Kauffman 20.4
3%
1971-1972 Bob Kauffman 18.9
3%
1997-1998 Lamond Murray 15.4
3%
1981-1982 Tom Chambers 17.2
3%
1988-1989 Ken Norman 18.1
0%
1998-1999 Maurice Taylor 16.8
0%
1999-2000 Maurice Taylor 17.1
0%
1986-1987 Mike Woodson 17.1
0%
1987-1988 Mike Woodson 18.0
0%
2008-2009 Zach Randolph 20.9
0%
No matching quizzes found
Score Distribution
Percent of People with Each Score
Percentile by Number Answered
Your Score History
You have not taken this quiz since the last reset